000 00360nam a2200133Ia 4500
008 191201s2012 xx 000 0 und d
082 _a670
_bRAC
100 _aRAGHUWANSHI, BS
245 0 _aCourse in Workshop Technology Manufacturing Process Vol-II
250 _aRep
260 _c2012
_bDhanpat Rai Pub (P) Ltd
_aNew Delhi
300 _a1001
942 _2ddc
_cBK
999 _c8001
_d8001